Gravity Falls Charaktere benennen - Statistiken

Allgemein
  • Dieses Quiz wurde 102 mal gespielt
  • Das Durchschnittsergebnis liegt bei 11 aus 16
Antwortstatistiken
Bildquiz Antwort % Korrekt
Gronkel Stan
97%
Mabel Pines
97%
Dipper Pines
94%
Wendy
89%
Bill Cipher
85%
Schwabbel
85%
Soos
83%
Li‘l Gideon
69%
Stanford Pines
68%
Pacifica Northwest
64%
Alterchen McGucket
58%
Robbie Valentino
47%
Grenda
43%
Candy Chu
38%
Sheriff Blubs
21%
Giselle
13%
Keine übereinstimmenden Quizze gefunden
Verteilung der Resultate
Anzahl Personen mit jedem Resultat
Perzentil nach korrekt beantworteten Fragen
Ihre Resultats-Entwicklung
Sie haben dieses Quiz noch nicht gespielt